[Event "POL-ch U13 Qual"]
[Site "Jastrzebia Gora"]
[Date "2021.11.19"]
[Round "7"]
[White "Maciaga, Jan"]
[Black "Pachura, Mateusz"]
[Result "1/2-1/2"]
[WhiteElo "1375"]
[BlackElo "1107"]
[PlyCount "96"]
[EventDate "2021.11.15"]
[EventType "swiss"]
[EventRounds "9"]
[EventCountry "POL"]
[SourceTitle "EXT 2023"]
[Source "ChessBase"]
[SourceDate "2022.10.05"]
[SourceVersion "1"]
[SourceVersionDate "2022.10.05"]
[SourceQuality "1"]

1. c4 e5 2. Nc3 Nc6 3. Nf3 Nf6 4. e3 g6 5. d4 exd4 6. exd4 Bg7 7. Bd3 0-0 8. 0-0 d5 9. Re1 Bg4 10. Be3 Re8 11. Be2 dxc4 12. Qa4 Bxf3 13. Bxf3 Nxd4 14. Bxb7 Rb8 15. Qxa7 Ng4 16. Rad1 Qd6 17. g3 c5 18. Bg2 Rxb2 19. Ne4 Ne2+ 20. Kh1 Qe5 21. Ng5 Qf5 22. Bd5 Nxf2+ 23. Bxf2 Qxf2 24. Qxf7+ Qxf7 25. Bxf7+ Kf8 26. Bxe8 Kxe8 27. Ne6 Bc3 28. Nf4 Bxe1 29. Rxe1 c3 30. Rxe2+ Kd7 31. Re1 Rd2 32. Ne2 c2 33. Nc1 Rd1 34. Rg1 c4 35. Kg2 Kd6 36. Kf2 Ke5 37. Re1+ Kd4 38. a4 Kc3 39. Ke2 Rxe1+ 40. Kxe1 Kb2 41. Ne2 c1Q+ 42. Nxc1 Kxc1 43. a5 c3 44. a6 c2 45. a7 Kb2 46. a8Q c1Q+ 47. Ke2 Qc2+ 48. Ke3 Qc1+ 1/2-1/2

[Event "POL-ch U13 Qual"]
[Site "Jastrzebia Gora"]
[Date "2021.11.16"]
[Round "3"]
[White "Pachura, Mateusz"]
[Black "Leoniuk, Jan"]
[Result "1-0"]
[WhiteElo "1107"]
[BlackElo "1212"]
[PlyCount "151"]
[EventDate "2021.11.15"]
[EventType "swiss"]
[EventRounds "9"]
[EventCountry "POL"]
[SourceTitle "EXT 2023"]
[Source "ChessBase"]
[SourceDate "2022.10.05"]
[SourceVersion "1"]
[SourceVersionDate "2022.10.05"]
[SourceQuality "1"]

1. e4 e5 2. Nf3 Nc6 3. Bc4 d6 4. d4 Be7 5. c3 Bg4 6. Be3 Nf6 7. Nbd2 Nxe4 8. Bxf7+ Kxf7 9. Nxe4 Rf8 10. Nfg5+ Bxg5 11. Qxg4 Bf6 12. d5 Ne7 13. Qh5+ Kg8 14. c4 Qe8 15. Qxe8 Raxe8 16. h4 Nf5 17. g4 Nxe3 18. fxe3 g6 19. g5 Bg7 20. Ke2 Rf5 21. b4 Rd8 22. Rad1 b6 23. h5 gxh5 24. Rxh5 h6 25. Rg1 hxg5 26. Rhxg5 Rxg5 27. Nxg5 Rd7 28. e4 Bh6 29. Ne6+ Kf7 30. a4 Re7 31. Nd8+ Kf6 32. Nc6 Rh7 33. Nxa7 Bf4 34. a5 Rh2+ 35. Kd3 Rd2+ 36. Kc3 bxa5 37. bxa5 Ra2 38. Nc6 Re2 39. Ra1 Rh2 40. a6 Rh8 41. a7 Ra8 42. Rb1 Be3 43. Rb7 Bb6 44. Rb8 Rxa7 45. Nxa7 Bxa7 46. Rf8+ Ke7 47. Rh8 Kf6 48. Rh5 Ke7 49. Kb4 Bb6 50. Kb5 Kf6 51. Rf5+ Kg6 52. Kc6 Kg7 53. Kd7 Kg6 54. Ke7 Ba5 55. Ke6 Bb6 56. Rf8 Kg5 57. Rb8 Kf4 58. Rxb6 cxb6 59. Kxd6 Kxe4 60. Kc6 Kf3 61. d6 e4 62. d7 e3 63. d8Q e2 64. Qd3+ Kf2 65. Qxe2+ Kxe2 66. Kxb6 Kd3 67. c5 Kd4 68. c6 Kd5 69. c7 Kd6 70. c8Q Ke7 71. Qf5 Ke8 72. Qh7 Kf8 73. Kc6 Ke8 74. Kd6 Kf8 75. Ke6 Ke8 76. Qe7# 1-0

[Event "POL-ch U13 Qual"]
[Site "Jastrzebia Gora"]
[Date "2021.11.15"]
[Round "1"]
[White "Pachura, Mateusz"]
[Black "Wandor, Adam"]
[Result "0-1"]
[WhiteElo "1107"]
[BlackElo "1373"]
[PlyCount "74"]
[EventDate "2021.11.15"]
[EventType "swiss"]
[EventRounds "9"]
[EventCountry "POL"]
[SourceTitle "EXT 2023"]
[Source "ChessBase"]
[SourceDate "2022.10.05"]
[SourceVersion "1"]
[SourceVersionDate "2022.10.05"]
[SourceQuality "1"]

1. e4 c5 2. Nf3 g6 3. d4 cxd4 4. Nxd4 Bg7 5. Be3 Nc6 6. Nc3 d6 7. Bc4 Nf6 8. f3 0-0 9. Qd2 Bd7 10. Nxc6 bxc6 11. Bh6 Bxh6 12. Qxh6 e6 13. Bb3 d5 14. e5 Nh5 15. g4 Ng7 16. g5 Nf5 17. Qh3 Qxg5 18. Nd1 Ne3 19. Nf2 Qxe5 20. Nd3 Qf6 21. Ke2 Nf5 22. c3 e5 23. Kf2 Nh4 24. Qg3 e4 25. Ne5 Be8 26. Raf1 Nxf3 27. Ng4 Qg5 28. Rd1 f5 29. h4 Qxg4 30. Qd6 Nxh4 31. Bxd5+ cxd5 32. Qxd5+ Bf7 33. Qd4 Qf3+ 34. Ke1 Qxh1+ 35. Ke2 Qf3+ 36. Ke1 Ng2+ 37. Kd2 Rfd8 0-1